Exclusión laboral de personas en situación de discapacidad egresados de la fundación CE Camilo en periodo comprendido del 2014 al 2018 en la ciudad de Barranquilla (Registro nro. 509)
[ vista simple ]
| 000 -LEADER | |
|---|---|
| fixed length control field | 02457nmm a2200277 a 4500 |
| 003 - CONTROL NUMBER IDENTIFIER | |
| control field | CO-CtgCURN |
| 005 - DATE AND TIME OF LATEST TRANSACTION | |
| control field | 20250721142335.0 |
| 007 - PHYSICAL DESCRIPTION FIXED FIELD--GENERAL INFORMATION | |
| fixed length control field | co cga0aauuu |
| 008 - FIXED-LENGTH DATA ELEMENTS--GENERAL INFORMATION | |
| fixed length control field | 200322s2020 xx 000 0 und d |
| 040 ## - CATALOGING SOURCE | |
| Original cataloging agency | CO-CtgCURN |
| Language of cataloging | spa |
| Transcribing agency | coctgcurn |
| 082 ## - DEWEY DECIMAL CLASSIFICATION NUMBER | |
| Classification number | TSO 2020 |
| Item number | O77e |
| 100 ## - MAIN ENTRY--PERSONAL NAME | |
| Personal name | Ortiz De La Hoz, Yariceth |
| Relator term | autora |
| 9 (RLIN) | 3639 |
| 245 #0 - TITLE STATEMENT | |
| Title | Exclusión laboral de personas en situación de discapacidad egresados de la fundación CE Camilo en periodo comprendido del 2014 al 2018 en la ciudad de Barranquilla |
| Medium | [electronic resource] / |
| Statement of responsibility, etc. | Yariceth Ortiz De La Hoz; asesor., Rafael Alberto Zambrano Vanegas |
| 260 ## - PUBLICATION, DISTRIBUTION, ETC. | |
| Place of publication, distribution, etc. | Barranquilla, Atlántico : |
| Name of publisher, distributor, etc. | Corporación Universitaria Rafael Núñez, |
| Date of publication, distribution, etc. | 2020 |
| 300 ## - PHYSICAL DESCRIPTION | |
| Extent | 1 recurso en línea (75 páginas (PDF)) : |
| Other physical details | tablas, fotografías, gráficas |
| 502 ## - DISSERTATION NOTE | |
| Dissertation note | Trabajo de Grado (Trabajador Social). Corporación Universitaria Rafael Núñez. Facultad de Ciencias Sociales y Humanas. Programa de Trabajo Social, 2020 |
| 504 ## - BIBLIOGRAPHY, ETC. NOTE | |
| Bibliography, etc. note | Incluye referencias bibliográficas |
| 520 ## - SUMMARY, ETC. | |
| Summary, etc. | La exclusión es un problema social que afecta ciertos grupos de personas, la exclusión laboral es un ámbito de este problema social que influye en la vida laboral de las personas, en este caso se investigó o indago como afecta a los egresados en condición de discapacidad de la Fundación Centro Educativo de Habilitación y Rehabilitación Integral San Camilo (CE CAMILO) y así también a su familia, entendiendo que el hecho de tener un integrante de la familia en condición de discapacidad genera situaciones y cambios con los que la familia tendrá que enfrentarse y acostumbrarse. Los egresados de la Fundación CE CAMLO, son personas adultas con una discapacidad cognitiva y sin una vida laboral o un empleo formal, teniendo en cuenta que los ingresos económicos son una necesidad que todos los seres humanos tienen, se puede afirmar que la exclusión laboral afecta su calidad de vida y por consiguiente la de sus familiares. |
| 521 ## - TARGET AUDIENCE NOTE | |
| Target audience note | AREA PROFESIONAL |
| 590 ## - LOCAL NOTE (RLIN) | |
| Local note | Programa de Trabajo Social_26 |
| 650 ## - SUBJECT ADDED ENTRY--TOPICAL TERM | |
| Topical term or geographic name entry element | Trabajo Social |
| Form subdivision | Tesis y disertaciones académicas |
| 9 (RLIN) | 3640 |
| 700 ## - ADDED ENTRY--PERSONAL NAME | |
| Personal name | Zambrano Vanegas, Rafael Alberto |
| Relator term | asesor |
| 9 (RLIN) | 3641 |
| 856 ## - ELECTRONIC LOCATION AND ACCESS | |
| Uniform Resource Identifier | <a href="https://unicurn.sharepoint.com/:b:/s/biblioteca/EfVbY9lZ-wxKuHXkRlSkpTkBMP0OLoSx0QYt_3cMaZFUSQ?e=mc8mqS">https://unicurn.sharepoint.com/:b:/s/biblioteca/EfVbY9lZ-wxKuHXkRlSkpTkBMP0OLoSx0QYt_3cMaZFUSQ?e=mc8mqS</a> |
| Link text | Consulte aquí el texto completo |
| 942 ## - ADDED ENTRY ELEMENTS (KOHA) | |
| Koha item type | Trabajos de grado |
| Classification part | TSO 2020 |
| Item part | O77e |
| Source of classification or shelving scheme | Dewey Decimal Classification |
| Suppress in OPAC | No |
| Withdrawn status | Lost status | Source of classification or shelving scheme | Damaged status | Not for loan | Collection | Home library | Current library | Shelving location | Date acquired | Inventory number | Total checkouts | Full call number | Barcode | Date last seen | Copy number | Price effective from | Koha item type |
|---|---|---|---|---|---|---|---|---|---|---|---|---|---|---|---|---|---|
| Dewey Decimal Classification | Trabajos de grado | Miguel Henríquez Castañeda Barranquilla | Miguel Henríquez Castañeda Barranquilla | Trabajo de grado | 03/21/2020 | 04917 | TSO 2020 O77e | 04917 | 03/22/2020 | ej.1 | 03/22/2020 | Trabajos de grado |